Simbolismo y hermetismo : (Registro nro. 230390)

Detalles MARC
000 -LEADER
fixed length control field 02363nam a2200445Ii 4500
001 - CONTROL NUMBER
control field DIGPUZ2265
003 - CONTROL NUMBER IDENTIFIER
control field NyNyDIG
006 - FIXED-LENGTH DATA ELEMENTS--ADDITIONAL MATERIAL CHARACTERISTICS
fixed length control field m o d
007 - PHYSICAL DESCRIPTION FIXED FIELD--GENERAL INFORMATION
fixed length control field cr |||||||||||
008 - FIXED-LENGTH DATA ELEMENTS--GENERAL INFORMATION
fixed length control field 120225s2007 sp ob 000 0 spa d
020 ## - INTERNATIONAL STANDARD BOOK NUMBER
Canceled/invalid ISBN 9788477339700
020 ## - INTERNATIONAL STANDARD BOOK NUMBER
Canceled/invalid ISBN 8477339708
035 ## - SYSTEM CONTROL NUMBER
System control number (OCoLC)656284105
040 ## - CATALOGING SOURCE
Original cataloging agency DGITA
Language of cataloging eng
Description conventions pn
Transcribing agency DGITA
043 ## - GEOGRAPHIC AREA CODE
Geographic area code e-sp---
050 14 - LIBRARY OF CONGRESS CALL NUMBER
Classification number PQ6055 eBook
245 00 - TITLE STATEMENT
Title Simbolismo y hermetismo :
Remainder of title aproximación a la modernidad estética /
Statement of responsibility, etc. Luis Beltrán Almería y José Luis Rodríguez García (coords.) ; Massaud Moisés ... [et al.].
250 ## - EDITION STATEMENT
Edition statement 1a. ed.
264 #1 - PRODUCTION, PUBLICATION, DISTRIBUTION, MANUFACTURE, AND COPYRIGHT NOTICE
Place of production, publication, distribution, manufacture Zaragoza :
Name of producer, publisher, distributor, manufacturer Prensas Universitarias de Zaragoza,
Date of production, publication, distribution, manufacture, or copyright notice 2007.
300 ## - PHYSICAL DESCRIPTION
Extent 1 online resource (184 pages)
336 ## - CONTENT TYPE
Content type term text
Content type code txt
Source rdacontent
337 ## - MEDIA TYPE
Media type term computer
Media type code c
Source rdamedia
338 ## - CARRIER TYPE
Carrier type term online resource
Carrier type code cr
Source rdacarrier
490 1# - SERIES STATEMENT
Series statement Humanidades ;
Volume/sequential designation 65.
504 ## - BIBLIOGRAPHY, ETC. NOTE
Bibliography, etc. note Includes bibliographical references (p. 179-180).
505 0# - FORMATTED CONTENTS NOTE
Formatted contents note Hermetismo y simolismo : aproximaciones / Massud Moisés -- La razón de ser del hermético (Artud, Celan, Deleuze) / José Luis Rodríguez García -- La modernidad estética / Domingo Ródenas de Moya -- Actualidad del hermetismo / Alberto del Pozo Martínez -- Ficcionarlidad y hermetismo / Antonio Garrido Domínguez -- Simbolismo, modernismo y hermetismo / Luis Beltrán Almería -- Tres calas en el simoblismos hispánico del siglo XX : Valle y Barroja, Castellet, Gaomneda / Fernando Romo Feito -- Trazas herméticas en la últma narrativa española / Angel GarcIa Galiano -- Hermes en Eros : la obra de Ignacio Gómez de Liaño / César GarcIa Alvarez -- Hermetismo, símbolos, y filosofía práctica : la composición musical de la persona / Ignacio Gómez de Liaño.
650 #0 - SUBJECT ADDED ENTRY--TOPICAL TERM
Topical term or geographic name entry element Spanish literature
Chronological subdivision 20th century
General subdivision History and criticism.
650 #0 - SUBJECT ADDED ENTRY--TOPICAL TERM
Topical term or geographic name entry element Hermeneutics.
650 #0 - SUBJECT ADDED ENTRY--TOPICAL TERM
Topical term or geographic name entry element Symbolism in literature.
655 #0 - INDEX TERM--GENRE/FORM
Genre/form data or focus term Electronic books.
700 1# - ADDED ENTRY--PERSONAL NAME
Personal name Beltrán Almería, Luis.
700 1# - ADDED ENTRY--PERSONAL NAME
Personal name Rodríguez García, José Luis.
700 1# - ADDED ENTRY--PERSONAL NAME
Personal name Moisés, Massaud
791 2# -
-- Digitalia (Firm),
-- distributor.
793 0# -
-- Digitalia eBook Collection:
-- Prensas Universitarias de Zaragoza.
830 #0 - SERIES ADDED ENTRY--UNIFORM TITLE
Uniform title Humanidades (Zaragoza, Spain) ;
Volume/sequential designation 65.
856 40 - ELECTRONIC LOCATION AND ACCESS
Materials specified Digitalia Hispánica
Uniform Resource Identifier <a href="https://www.digitaliapublishing.com/a/2163/">https://www.digitaliapublishing.com/a/2163/</a>
910 ## - USER-OPTION DATA (OCLC)
User-option data Premium Collection: 2007-2012
942 ## - ADDED ENTRY ELEMENTS (KOHA)
Koha item type Recurso Electrónico
Existencias
Withdrawn status Lost status Damaged status Not for loan Collection Home library Current library Date acquired Total checkouts Date last seen Price effective from Koha item type
        Digitalia Ebooks Hispanica Biblioteca Digital UIN Biblioteca Digital UIN 04/25/2025   04/25/2025 04/25/2025 Recurso Electrónico

CONTACTO


NOSOTROS


SITIOS DE INTERES

coordinacion.biblioteca.biblioteca@unienlinea.mx Misión, Visión y Objetivos Bases de datos
Directorio Bibliotecas Digitales y Repositorios
Normatividad Revistas y artículos
Convenios interbibliotecarios
Boletines



Hecho en México. Universidad Insurgentes (UIN). Todos los derechos reservados 2024. Esta página y sus contenidos pueden ser reproducidos con fines no lucrativos, siempre y cuando no se mutile, se cite la fuente completa y su dirección electrónicas. De otra forma requiere permiso previo por escrito de la institución




2024 Copyright Universidad Insurgentes | www.bibliouin.com.mx